书目信息 |
| 题名: |
英国名篇精品
|
|
| 作者: | 马洵 编译 | |
| 分册: | ||
| 出版信息: | 天津 天津大学出版社 2000.11 |
|
| 页数: | 308页 | |
| 开本: | 20cm | |
| 丛书名: | ||
| 单 册: | ||
| 中图分类: | H319.4 | |
| 科图分类: | ||
| 主题词: | 英语 | |
| 电子资源: | ||
| ISBN: | 7-5618-1363-5 | |
| 000 | 00521nam0 2200193 45 | |
| 001 | 0432735983 | |
| 005 | 2004051109053564 | |
| 010 | @a7-5618-1363-5@d14.00CNY | |
| 100 | @a20040511d2000 km y0chiy0120 ea | |
| 101 | 0 | @achi |
| 102 | @aCN@b120000 | |
| 200 | 1 | @a英国名篇精品@AYing Guo Ming Pian Jing Pin@f马洵编译@FMa Xun Bian Yi |
| 210 | @a天津@c天津大学出版社@d2000.11 | |
| 215 | @a308页@d20cm | |
| 606 | 0 | @a英语 |
| 690 | @aH319.4@v3 | |
| 701 | 0 | @a马洵@AMa Xun@4编译 |
| 801 | 0 | @aCN@bPFT@c20040511 |
| 905 | @dH319.4@eM206 | |
| 英国名篇精品/马洵编译.-天津:天津大学出版社,2000.11 |
| 308页;20cm |
| ISBN 7-5618-1363-5:14.00CNY |
| ● |
| 相关链接 |
|
|
|
正题名:英国名篇精品
索取号:H319.4/M206
 
预约/预借
| 序号 | 登录号 | 条形码 | 馆藏地/架位号 | 状态 | 备注 |
| 1 | 393104 | 203931040 | 语言库209/209语言库 47排2列4层/ [索取号:H319.4/M206] | 在馆 | |
| 2 | 393105 | 203931059 | 语言库209/ [索取号:H319.4/M206] | 在馆 | |
| 3 | 393106 | 203931068 | 社科二线400B/400B社科库 4排3列1层/ [索取号:H319.4/M206] | 在馆 |